| 000 | 00584nam a2200205 a 4500 | ||
|---|---|---|---|
| 001 | 17769 | ||
| 003 | CO-ViMGA | ||
| 008 | 141112s2004 ck r 000 u spa d | ||
| 020 | _a8432986275 | ||
| 040 |
_aCO-ViMGA _bspa _cCO-ViMGA |
||
| 082 | 0 | 4 | _a069.15 T736c |
| 100 | 1 |
_aTrepat, Joan; Masegosa, Joan Josep _925198 |
|
| 245 | 1 | 0 | _aComo visitar un museo |
| 260 |
_aBarcelona (España), _cCeac, _c1991 |
||
| 300 | _a128.p. | ||
| 490 | _aAula práctica | ||
| 590 | _aForma de adquisición : Premio - Mincultura | ||
| 650 | 1 | 4 |
_aMUSEOS - ACTIVIDADES CULTURALES _925199 |
| 942 |
_2ddc _cBK |
||
| 999 |
_c27242 _d27242 |
||